| 000 | 00540nam a2200181 a 4500 | ||
|---|---|---|---|
| 005 | 20140412111241.0 | ||
| 008 | 020415s19uu xx 00 eng d | ||
| 020 | _a1-85758-857-6 | ||
| 050 |
_aTR(GS 372.7 _bMa426 1999 |
||
| 100 | _aKoll, Hilary | ||
| 245 |
_aRevise national tests: Math, key stage 1 / _cHilary Koll and Steve Mills. |
||
| 260 |
_a[s.l.] : _bLetts Educational Ltd, _c1999. |
||
| 300 | _a32 p. ; ill. | ||
| 440 | _aLetts: Instant Test Success | ||
| 650 |
_aMath _xStudy and Teaching |
||
| 650 | _aMath | ||
| 999 |
_c102702 _d102702 |
||